01567 a2200277 4500003000500000005001700005010001600022020003300038040000900071082001800080100002600098245009400124260005000218300003200268490012400300505028800424650003300712650005200745650004100797830007700838830007600915942002700991999001901018952012601037952012601163NUST20221230145157.0 a 96016696 a0792397274 (acid-free paper) cNust00a621.38456,PAR1 aPark, Kun Il,910649710aPersonal and wireless communications :bdigital technology and standards /c Kun Il Park. aBoston :bKluwer Academic Publishers,cc1996. ax, 230 p. :bill. ;c24 cm.1 aThe Kluwer international series in engineering and computer science ;vSECS 361.aCommunications and information theory aIntroduction (Page-1), Digital Wireless Communications Technology (Page-9), The Standard Based On The North American High-Tier TDMA System (Page-55), The Standard Based On The North American High-Tier CDMA System (Page-123), Highlights Of Other Wireless Access Standards (Page-177). 0aDigital communications.9237 0aPersonal communication service systems.9105628 0aWireless communication systems.9594 0aKluwer international series in engineering and computer science ;982222 0aKluwer international series in engineering and computer science.982222 2ddccBKk621.38456,PAR c193461d193461 00102ddc4070aMCSbMCScGENd2016-12-12o621.38456,PARpMCS5768r2016-12-08w2016-12-12yBKzAlmirah No.39, Shelf No.2 00102ddc4070aMCSbMCScGENd2016-12-12o621.38456,PARpMCS5769r2016-12-08w2016-12-12yBKzAlmirah No.39, Shelf No.2